LEADER 00942nam a2200241 i 4500 001 000000163184 003 CaOOAMICUS 005 20070719000000.0 008 070719s1951 it u000 u ita u 013 $a140548 040 $aSeMil$bita 100 1 $aGessi, Leone.$0(OLS)http://semarc/name/57561 245 10$aArte e morale nei Promessi Sposi /$cLeone Gessi. 260 $aRoma :$bSignorelli,$c1951. 300 $a332 p., [1] c. di ritr. ;$c21 cm. 490 0 $aConoscere Manzoni 650 4$aManzoni, Alessandro <1785-1873> . Promessi sposi.$0(OLS)http://semarc/subject/15533 830 0$aConoscere Manzoni.$0(OLS)http://semarc/title/23991 850 $aSeMil 852 $aSeMil$W1$xVenegono$y1$m1O III 317$j247527$B114498$CSeMilBibl$Z2$F125305 $81 961 $aRecupero: Altro 996 $6245$aArte e morale nei Promessi Sposi$9(OLS)http://semarc/title/232800 996 $6260$aRoma :$bSignorelli$9(OLS)http://semarc/publisher/33765 LEADER 00917nam a2200241 i 4500 001 000000155509 003 CaOOAMICUS 005 20061113000000.0 008 061113s1942 it u000 u ita u 013 $a132861 040 $aSeMil$bita 100 1 $aScotton, Andrea.$0(OLS)http://semarc/name/7365 245 12$aI comandamenti. 260 $aVicenza :$bS.A.T.,$c1942. 300 $a434 p. 650 4$aCatechismo - Manuali e sussidi.$0(OLS)http://semarc/subject/253 650 4$aComandamenti - Catechismo.$0(OLS)http://semarc/subject/3572 773 0 $aScotton, Andrea$tCorso completo di catechismo.$dVicenza : S.A.T., 1949.$g3$w()15905 850 $aSeMil 852 $aSeMil$W1$xVenegono$y1$m2C V 493$j107340$B107340$CSeMilBibl$Z2$F116751 $81 961 $aRecupero: Altro 996 $6245$aI comandamenti$9(OLS)http://semarc/title/227755 996 $6260$aVicenza :$bS.A.T.$9(OLS)http://semarc/publisher/34279